000 00882nam a2200265 i 4500
003 DO-SdBNP
005 20250521143516.0
007 ta
008 190717s1985 dr 000 spa d
040 _aDO-SdBNP
_bspa
_cBNPHU
_erda
041 _aspa
082 4 _axxx
_bxxx
_222
100 _aRomero Butten, Carlos P.
_eautor
_4aut.
_96942
245 1 0 _aManual de derecho civil /
_cCarlos P. Romero Butten ; prólogo, Luis José Bourget Frómeta
264 4 _aSanto Domingo :
_bUniversidad Autónoma de Santo Domingo :
_c©1985.
300 _a209 páginas ;
_c23 cm.
336 _atexto
_btxt
_2rdacontent
337 _asin mediación
_bn
_2rdamedia
338 _avolumen
_bnc
_2rdacarrier
504 _aBibliografía : páginas 209
590 _aInventariado, 2025/BT
700 1 _aBourget Frómeta, Luis José,
_eprologuista
_4pr.
_944807
910 _aBtavárez
942 _2ddc
_cLBS1
999 _c48555
_d48555